Imiona staropolskie męskie - Statystyki

Ogólne statystyki
  • Ten quiz został rozwiązany 47 razy
  • Średni wynik to 4 z 17
Statystyki odpowiedzi
Odpowiedź % Poprawnych
Kazimierz
59%
Stanisław
57%
Zbigniew
41%
Bogusław
38%
Bogumił
35%
Czesław
35%
Mirosław
30%
Bogdan
27%
Bronisław
19%
Jarosław
16%
Sławomir
16%
Radosław
14%
Wojciech
14%
Krzesimir
8%
Dobrosław
5%
Miłosz
5%
Gniewomir
3%
Nie znaleziono quizów pasujących do podanych kryteriów
Rozkład punktacji
Procent ludzi z każdym wynikiem
Percentyl według liczby udzielonych odpowiedzi
Twoja historia wyników
Nie rozwiązałeś tego quizu